000 00575nam a2200229Ia 4500
003 OSt
005 20220923212156.0
006 a|||||r|||| 00| 0
007 ta
008 220922b |||||||| |||| 00| 0 hin d
024 _a151,388
037 _cTextual
040 _aARTS
_cARTS
_bhin
041 _2hin
_ahin
082 _aO:1L92x, 152J2
100 _aयतेन्द्र
_9156277
245 0 _aशैली
246 _aShailī
260 _c1952
942 _hO:1L92x, 152J2
_cTEXL
_2CC
999 _c307061
_d307061